Applied contaminant transport modeling : theory and practice /

Guardado en:
Autor Principal: Zheng, Chunmiao.
Otros Autores: Bennett, Gordon D.
Formato: Libro
Idioma:English
Publicado: New York : Van Nostrand Reinhold, c1995.
Materias:
Etiquetas: Agregar Etiqueta
Sin Etiquetas, Sea el primero en etiquetar este registro!
LEADER 00978cam a22002655a 4500
001 EIQ.libpla003249
008 950113s1995####nyuab####b####001#0#eng#d
005 20071113195127.0
245 1 0 |a Applied contaminant transport modeling :  |b theory and practice /  |c Chunmiao Zheng, Gordon D. Bennett. 
260 |a New York :  |b Van Nostrand Reinhold,  |c c1995. 
300 |a xxiii, 440 p. :  |b il., maps ;  |c 24 cm. 
504 |a Incluye referencias bibliográficas (p. 403-432) e índice. 
020 |a 0442013485 
100 1 |a Zheng, Chunmiao. 
700 1 |a Bennett, Gordon D. 
082 0 0 |a 628.1/68  |2 20 
650 4 |a Agua subterránea  |x Polución. 
650 4 |a Agua subterránea  |x Modelos matemáticos. 
650 4 |a Agua subterránea  |x Estudio de casos. 
650 4 |a Groundwater  |x Mathematical models. 
650 4 |a Groundwater  |x Pollution. 
650 4 |a Groundwater  |x Case studies. 
010 |a  95005264  
040 |a DLC  |c DLC  |d AR-BbSID 
859 |a AR-BbSID  |b BIB. PLAPIQUI  |h 628.168  |i Z 1  |p 5135